Statistics for Name that Historical Figure #9

Click here to take the quiz!

General Stats

  • This quiz has been taken 1,242 times
  • The average score is 3 of 16

Answer Stats

Answer% Correct
Leon Trotsky
52%
Eva Perón
47%
Henry Kissinger
43%
Jane Austen
29%
Jerry Lewis
22%
Jean Paul Sartre
18%
Robert McNamara
18%
Mustafa Kemal Atatürk
16%
H. P. Lovecraft
15%
Victor Hugo
14%
Franz Liszt
12%
David Ben-Gurion
10%
Herbert von Karajan
7%
Cecil Rhodes
3%
August Renoir
2%
Roald Amundsen
2%

Score Distribution

Percentile by Number Answered

Percent of People with Each Score

Your Score History

You have not taken this quiz